Carregant...

Pulmonary tuberculosis : a journey down the centuries

Dades bibliogràfiques
Autor principal: R Y Keers
Format: Printed Book
Idioma:Undetermined
Publicat: Bailliere tandall 1978
London
Matèries:
LEADER 00682nam a2200241Ia 4500
008 141122s9999 xx 000 0 und d
020 |a 0 7020 0679 3 
040 |c . 
041 |a English 
082 |a 636.089624 
082 |b KEE/PU 
100 |a R Y Keers  
245 |a Pulmonary tuberculosis : a journey down the centuries 
245 |c R Y Keers  
260 |b Bailliere tandall  
260 |b London  
260 |c 1978 
300 |a 264 Pages 
500 |a General -J 
650 |a Medicine 
942 |c BK 
999 |c 16268  |d 16268 
952 |0 0  |1 0  |2 ddc  |4 0  |6 636_089620000000000_KEEPU  |7 0  |9 15989  |a COVAS  |b COVAS  |d 0000-00-00  |o 636.08962 KEE/PU  |p 8418  |r 2014-11-26  |w 2014-11-26  |y BK